000 00830nam a2200265 i 4500
001 179520
003 ES-MaACL
005 20250808084939.0
008 111220s2011 sp f |||| | spa d
020 _a978-84-15276-03-6
080 _a347(460)
100 1 _aAlbaladejo, Manuel.
_919218
245 1 0 _aDerecho civil.
_nII,
_pDerecho de obligaciones /
_cManuel Albaladejo.
246 3 0 _aDerecho de obligaciones
250 _a14ª ed.
260 _aMadrid :
_bEdisofer,
_c2011.
300 _a1007 p. ;
_c24 cm.
504 _aBibliografía: p. 9-12.
650 0 4 _aDerecho civil-
_zEspaña
_911659
650 4 _aObligaciones (Derecho)
_915660
852 _aES-MaACL
_9186416
_bR.148447
_jA-11825
_dOlim: N-4830
_cDEPO1
942 _2udc
_cMONOGRAFIA
999 _c179520
_d179520